| 000 | 00710nam a22002297a 4500 | ||
|---|---|---|---|
| 999 |
_c7858 _d7858 |
||
| 003 | AR-CdUCM | ||
| 008 | 190321b ||||| |||| 00| 0 spa d | ||
| 040 |
_aMUNICIPALIDAD PROVINCIAL DEL CUSCO _cBIBLIOTECA MUNICIPAL DEL CUSCO |
||
| 082 |
_a581.9856 / _bJ53 |
||
| 100 |
_aJiménez Aguilar, Catalina _922222 |
||
| 245 | _aVariedades de plátanos y bananos en la convención - Cusco / | ||
| 260 |
_aCusco : _bs.e, _c2010. |
||
| 300 |
_a146 paginas ; _bilustraciones, graficos, dibujos, _c20 cm. |
||
| 500 | _aCusco | ||
| 505 | _aContenido: Bananos | ||
| 650 |
_aBananos _922223 |
||
| 650 |
_aPlagas _921314 |
||
| 650 |
_aPerú _935 |
||
| 650 |
_aPLantaciones _922224 |
||
| 942 |
_2ddc _cLIBROS |
||
| 945 | _apjha | ||